000 00348nam a2200145Ia 4500
008 230917s9999||||xx |||||||||||||| ||und||
040 _e1138
_aMAIN
041 _aEnglish
082 _a613.7 H638Y
100 _aHittleman's, Richard
245 0 _aYoga 28 days exercise plan
260 _aLondon
_bHamlyn
_c1971
300 _a224 p.
942 _cBK
999 _c123333
_d123333